000 00307nam a22001457a 4500
008 221104b ||||| |||| 00| 0 eng d
020 _a0500050457
041 _aeng
080 _a51
082 _a51
100 _a51
101 _aTE NDRYSHME
245 _aTHE GREAT JOURNEY
_cFAGAN B
942 _2udc
_cBK
999 _c58749
_d58749